00455 2200193 4500001002100000005001500021035002000036245003300056100001700089250000600106856004500112260003600157082000800193084001400201600001000215990001200225990001200237990001200249INLIS00000000000180420250506104536 a0010-05250000961 aSalah Asuhan /cAbdoel Moeis0 aAbdoel Moeis a1 aRuang Baca Umum No Klas 800 ( Rak 3,4,5) aJakarta :bBalai Pustaka,c2000 a813 a813 ABD s 4aFiksi a00.0112 a00.0113 a00.0114